| 000 | 00601pam a2200217 a 4500 | ||
|---|---|---|---|
| 001 | 1388687 | ||
| 003 | OSt | ||
| 005 | 20180116183009.0 | ||
| 008 | 820831s1983 mau 000 1 eng | ||
| 010 | _a 82015624 | ||
| 020 | _a0395331242 | ||
| 040 |
_aDLC _cDLC _dDLC |
||
| 050 | 0 | 0 |
_aPR6056.A48 _bS7 1983 |
| 082 | 0 | 0 |
_a823/.914 FAI 1984 _219 |
| 100 | 1 | _aFairbairns, Zoë. | |
| 245 | 1 | 0 |
_aStand we at last : _ba novel / _cby Zoë Fairbairns. |
| 260 |
_aBoston : _bHoughton Mifflin, _c1983. |
||
| 300 |
_a609 p. ; _c24 cm. |
||
| 906 |
_a7 _bcbc _corignew _d1 _eocip _f19 _gy-gencatlg |
||
| 942 |
_2ddc _cBK |
||
| 999 |
_c350208 _d350208 |
||